| 000 | 00457nam a2200145Ia 4500 | ||
|---|---|---|---|
| 003 | OSt | ||
| 005 | 20260123162036.0 | ||
| 008 | 211028s2017 xx 000 0 und d | ||
| 040 | _cAIMIT LIBRARY | ||
| 041 | _aeng | ||
| 100 |
_aDias, Andrea; Wright, Rowena. _g1516012 _97590 |
||
| 245 | _aStudy on the effectiveness of training and development at Adithya Birla chemicals limited Karwar / | ||
| 260 |
_aMangalore _bDr Rowena Wright. _c2017 |
||
| 942 |
_2ddc _cPRO |
||
| 999 |
_c219158 _d219158 |
||